000 01303nam a2200361Ia 4500
001 Z_6594
003 CHAP
005 20230920161921.0
008 220113s2013 xx 000 0 und d
010 _a169865
040 _cCHAP
090 _aTesis J83 2335
100 _aJuárez Montaño, Yanury Esmeralda
_9145296
245 _aPrincipales tendencias de comportamiento del consumo de carne en México observadas en el año 2011 /
_cYanury Esmeralda Juárez Montaño
260 _aMéxico :
_bEl autor,
_c2013
300 _a91 p
502 _aTesis (Ingeniero Agrónomo Especialista en Zootecnia) -- UACh, 2013 \ Director: Leteicia Myriam Sagarnaga Villegas; asesoría: Oscar Antonio Arana Coronado y José María Salas González
650 _aCalidad
_917483
650 _aCerdo
_9145297
650 _aPollo
_9144289
650 _aPreferencias
_9145298
650 _aRes
_9145299
650 _aTendencia
_9145300
700 _a Arana Coronado, Oscar Antonio, asesor
_9145301
700 _a Salas González, José María, asesor
_9144512
700 _aSagarnaga Villegas, Leticia Myriam, director
_9143505
856 4 2 _uhttp://10.13.5.2/tesis/sist108850.pdf
_yDescargar PDF
901 _aTESIS J83 2335
902 _aA
910 _a2013
942 _c2
_2ddc
942 _c2
_2ddc
999 _c169865
_d169865